|
|
|
|
| LEADER |
01002nam a2200253 a 4500 |
| 001 |
772155 |
| 003 |
BD-DhAAL |
| 008 |
091123r19731972enka b 001 0 eng d |
| 010 |
|
|
|a \\\72088005
|
| 020 |
|
|
|a 0333145461
|
| 040 |
|
|
|a DLC
|c DLC
|d DLC
|d BD-DhAAL
|
| 082 |
0 |
0 |
|a 330.9/549/205
|
| 100 |
1 |
|
|a Khan, Azizur Rahman.
|9 19647
|
| 245 |
1 |
4 |
|a The economy of Bangladesh /
|c Azizur Rahman Khan.
|
| 260 |
|
|
|a London :
|b Macmillan ;
|a New York :
|b St. Martin's Press,
|c 1972 [reprinted 1973].
|
| 300 |
|
|
|a xviii, 196 pages :
|b illustrations ;
|c 22 cm.
|
| 504 |
|
|
|a Includes bibliographical references and index.
|
| 541 |
1 |
|
|e 00000868
|
| 651 |
|
0 |
|a Bangladesh
|x Economic conditions.
|
| 651 |
|
0 |
|a Bangladesh
|x Economic policy.
|
| 852 |
4 |
|
|a Ayesha Abed Library
|j General shelf
|
| 942 |
|
|
|2 ddc
|c BK
|
| 999 |
|
|
|c 7458
|d 7458
|
| 952 |
|
|
|0 0
|1 0
|2 ddc
|4 0
|6 330_954920500000000_KHA_1973
|7 0
|9 8003
|a BRACUL
|b BRACUL
|c GEN
|d 2010-02-10
|g 0.00
|l 1
|m 30
|o 330.9549205 KHA
|p 3010000868
|r 2023-08-03
|s 2023-03-19
|t 1
|w 2010-02-10
|y BK
|x Not price in Register
|